000 00375nam a22001457a 4500
003 OSt
005 20160727222411.0
008 160624b xxu||||| |||| 00| 0 eng d
040 _cTEST
100 _9992
_aFletcher, G.N
245 _aWhat Right With our Young People
260 _aNEW YORK
_bWHITE SIDE INC
_c1966
300 _aWhat Right With our Young People
942 _2ddc
_cBK
999 _c790
_d790